000 00315nam a2200133Ia 4500
008 190216s9999||||xx |||||||||||||| ||und||
100 _aGupta & Kumar
245 0 _aHand Book Of Electronics
250 _a30th Ed.
260 _bPragathi Prakashan
_c2002
300 _a1275
650 _aPhysics
942 _cBK
999 _c33684
_d33684